000 01453cam a2200409 a 4500
001 21122
003 VRT
005 20260216143900.0
008 050616s1956 xo gr 000 f slo c
020 _q(viazané)
039 9 _a202103061857
_bmsvkbb11
_c202009080902
_dmsnk136
_c201810252152
_dAUTHORITY
040 _aSNK
_bslo
_cSNK
_dSVKBB
_eAACR2
041 1 _aclo
_hfre
044 _axo
_cSK
072 7 _a821.133.1-3
_xFrancúzska próza, francúzsky písaná
_2konspekt
080 _a821.133.1-31
_22011
100 1 _aStil, André,
_d1921-2004
_4aut
240 1 0 _aParis avec nous
_lSlovensky
245 1 0 _aParíž je s nami
_bprvý úder
_cAndré Stil ; z francúzskeho originálu ... preložil Štefan Horváth
250 _a1. vydanie
260 _aBratislava
_bSlovenské vydavateľstvo krásnej literatúry
_c1956
300 _a264 s.
_c20 cm
366 _e2750 výtlačkov
490 0 _aPrameň
_vzväzok 26
500 _aViazaná
655 7 _afrancúzske romány
_2SNKPH
655 7 _aFrench fiction
_2SNKPHeng
700 1 _aHorváth, Štefan,
_d1920-1986
_4trl
830 0 _aPrameň
910 _asnk
942 _2ddc
_cKLDO
_n0
949 _6270001000610267
_asvkbbS 47132
_bsvkbbm 55511
949 _617A0473458
_asnkSD 11430
_bsnkKSP 2217/56
949 _617A1191122
_asnkSD 11430 D1
_bsnkKSP 2218/56
999 _c21122
_d21122